Situación del Área de Educación Física en la Sede Central de la Universidad Autónoma de Santo Domingo, Año 2004- 2005 (Record no. 805)
[ view plain ]
| 000 -LEADER | |
|---|---|
| campo de control de longitud fija | 02495nam a2200529Ia 4500 |
| 001 - NÚMERO DE CONTROL | |
| campo de control | 883 |
| 008 - DATOS DE LONGITUD FIJA--INFORMACIÓN GENERAL | |
| campo de control de longitud fija | 241029s9999 xx 000 0 und d |
| 010 ## - NÚMERO DE CONTROL DE LA BIBLIOTECA DEL CONGRESO | |
| Número de control de LC | 805 |
| 041 ## - CÓDIGO DE IDIOMA | |
| Código de lengua del texto/banda sonora o título independiente | Español |
| 082 ## - NÚMERO DE LA CLASIFICACIÓN DECIMAL DEWEY | |
| Número de clasificación | ST MA ES 0001 FH 2005 |
| 245 #0 - MENCIÓN DEL TÍTULO | |
| Título | Situación del Área de Educación Física en la Sede Central de la Universidad Autónoma de Santo Domingo, Año 2004- 2005 |
| 260 ## - PUBLICACIÓN, DISTRIBUCIÓN, ETC. | |
| Lugar de publicación, distribución, etc. | Santo Domingo |
| 300 ## - DESCRIPCIÓN FÍSICA | |
| Extensión | 104 |
| 520 ## - RESUMEN, ETC. | |
| Sumario, etc. | 37 |
| 520 ## - RESUMEN, ETC. | |
| Sumario, etc. | Esta investigación se planteó describir la situación del área de Educación Física y Deporte en la Sede Central de la Universidad Autónoma de Santo Domingo en el año 2004-2005 haciendo uso del método inductivo, deductivo y analítico para la consecución de este planteamiento. Se trabajó con una población de 43 profesores y 397 estudiantes de Educación Física de la Sede Central de la UASD.Los resultados de la investigación mostraron que en cuanto a infraestructura el área de Educación Física cuenta con instalaciones en buenas condiciones en general pero los estudiantes expresaron que algunas asignaturas carecen de los requisitos necesarios para el área y que algunas asignatura evidencia que no tienen programas de estudio por lo que se pierde el objetivo que pretende la carrera.Los investigadores recomendaron al departamento de educación física que designe equipos de trabajos para la elaboración de programas de las distintas disciplinas de algunas asignaturas. NOTA: Esta investigación se encuentra en el Centro Regional del Este CURE-UASD, con la signatura topográfica: F.C.E MA.ES 2015 157. |
| 630 ## - PUNTO DE ACCESO ADICIONAL DE MATERIA--TÍTULO UNIFORME | |
| Título uniforme | Administración Educativa |
| 630 ## - PUNTO DE ACCESO ADICIONAL DE MATERIA--TÍTULO UNIFORME | |
| Título uniforme | Educación |
| 650 ## - PUNTO DE ACCESO ADICIONAL DE MATERIA--TÉRMINO DE MATERIA | |
| Término de materia o nombre geográfico como elemento de entrada | Educación Física |
| 690 ## - PUNTO DE ACCESO ADICIONAL DE MATERIA LOCAL--TÉRMINO DE MATERIA (OCLC, RLIN) | |
| Término de materia o nombre geográfico como elemento inicial | Elaborado |
| 700 ## - ENTRADA AGREGADA--NOMBRE PERSONAL | |
| Término indicativo de función/relación | asesor |
| Nombre de persona | Padilla, José María |
| 700 ## - ENTRADA AGREGADA--NOMBRE PERSONAL | |
| Término indicativo de función/relación | autor |
| Nombre de persona | Beltré, Cristian Rodolfo |
| 901 ## - ELEMENTOS DE DATOS A LOCAL LDA (RLIN) | |
| a | {"1":"Beltré"} |
| b | {"1":"Cristian Rodolfo"} |
| 902 ## - ELEMENTOS DE DATOS B LOCAL, LDB (RLIN) | |
| a | 1 |
| 903 ## - ELEMENTOS DE DATOS C LOCAL, LDC (RLIN) | |
| a | {"1":"Padilla"} |
| b | {"1":"José María"} |
| 904 ## - ELEMENTOS DE DATOS D LOCAL, LDD (RLIN) | |
| a | Maestría en |
| 905 ## - ELEMENTOS DE DATOS E LOCAL, LDE (RLIN) | |
| a | Educación Superior |
| 906 ## - ELEMENTOS DE DATOS F LOCAL, LDF (RLIN) | |
| a | 2 |
| 907 ## - ELEMENTOS DE DATOS G LOCAL, LDG (RLIN) | |
| a | NO APLICA |
| 908 ## - COLOCAR PARÁMETRO DE COMANDO (RLIN) | |
| Colocar parámetro de comando | NO APLICA |
| 909 ## - | |
| -- | Universidad Autónoma de Santo Domingo (UASD) |
| 910 ## - DATOS DE OPCIÓN DEL USUARIO (OCLC) | |
| Datos de opción del usuario | NULL |
| -- | NULL |
| 911 ## - EQUIVALENCIA O REFERENCIA-CRUZADA-NOMBRE DE CONFERENCIA O REUNIÓN/CONGRESO [LOCAL, CANADÁ] | |
| Nombre de congreso/reunión o jurisdicción como elemento de entrada | ["1"] |
| 912 ## - | |
| -- | NO APLICA |
| 913 ## - | |
| -- | NULL |
| 914 ## - | |
| -- | 01 de Marzo de 2005 |
| 915 ## - | |
| -- | 18/09/14 11:09 |
| 916 ## - | |
| -- | NULL |
| 917 ## - | |
| -- | NULL |
| 918 ## - | |
| -- | NO APLICA |
| 919 ## - | |
| -- | ["10","72"] |
| 921 ## - | |
| -- | 2 |
| 922 ## - | |
| -- | 2 |
| 923 ## - | |
| -- | 0 |
| 924 ## - | |
| -- | NO APLICA |
| 942 ## - ELEMENTOS DE ENTRADA SECUNDARIOS (KOHA) | |
| Tipo de ítem Koha | |
No items available.